[Event "Villa Martelli zt 2.5"]
[Site "Villa Martelli"]
[Date "2017.05.06"]
[Round "7"]
[White "Fiori, Alberto Nicolas"]
[Black "Nejanky, Maisa"]
[Result "0-1"]
[WhiteElo "2091"]
[BlackElo "2027"]
[PlyCount "106"]
[EventDate "2017.04.30"]
[EventType "swiss"]
[EventRounds "9"]
[EventCountry "ARG"]
[SourceTitle "CBM 178 Extra"]
[Source "ChessBase"]
[SourceDate "2017.06.22"]
[SourceVersion "1"]
[SourceVersionDate "2017.06.22"]
[SourceQuality "1"]

1. d4 f5 2. Nf3 Nf6 3. Bf4 e6 4. e3 d5 5. Nc3 c6 6. Bd3 Be7 7. h4 Ne4 8. Ne5 0-0 9. Bxe4 dxe4 10. g3 Bd7 11. f3 exf3 12. Qxf3 Be8 13. a3 Nd7 14. 0-0-0 Nf6 15. h5 Nd5 16. Nxd5 Qxd5 17. c4 Qxf3 18. Nxf3 c5 19. h6 b5 20. hxg7 Rf7 21. Be5 Bf6 22. Bxf6 Rxf6 23. cxb5 Bxb5 24. Ne5 Rc8 25. Kd2 cxd4 26. exd4 Kxg7 27. Rc1 Rff8 28. b3 Rfd8 29. Ke3 Ba6 30. Rhe1 Bb7 31. Nd3 Bd5 32. Nc5 Rb8 33. Rc3 Kf6 34. b4 a5 35. Rb1 axb4 36. axb4 Rb5 37. Ra3 Rg8 38. Kf2 Rg4 39. Rd3 h5 40. Rd2 h4 41. gxh4 Rxh4 42. Rbb2 f4 43. Nd3 Rb8 44. Ke2 Rc8 45. Nf2 Rc3 46. Rd3 Bc4 47. Ne4+ Kf5 48. Nd6+ Kg4 49. Nxc4 Rxc4 50. Rdd2 Rc3 51. Kf1 f3 52. Kf2 Rh2+ 53. Kg1 Kg3 0-1

[Event "Villa Martelli zt 2.5"]
[Site "Villa Martelli"]
[Date "2017.05.01"]
[Round "2"]
[White "Spata, German"]
[Black "Fiori, Alberto Nicolas"]
[Result "1/2-1/2"]
[WhiteElo "2335"]
[BlackElo "2091"]
[PlyCount "108"]
[EventDate "2017.04.30"]
[EventType "swiss"]
[EventRounds "9"]
[EventCountry "ARG"]
[SourceTitle "CBM 178 Extra"]
[Source "ChessBase"]
[SourceDate "2017.06.22"]
[SourceVersion "1"]
[SourceVersionDate "2017.06.22"]
[SourceQuality "1"]

1. Nf3 d5 2. g3 Nf6 3. Bg2 Bg4 4. 0-0 c6 5. d3 Nbd7 6. h3 Bxf3 7. Bxf3 e5 8. e4 dxe4 9. dxe4 Be7 10. a4 a5 11. Qe2 Qb6 12. Nd2 Qa6 13. Nc4 0-0 14. Bd2 Bb4 15. c3 Bc5 16. Rfd1 Rfe8 17. Qf1 Nb6 18. Ne3 Qxf1+ 19. Kxf1 Bxe3 20. Bxe3 Nc4 21. Bc1 Red8 22. Rxd8+ Rxd8 23. Ke2 Nd6 24. Bg5 h6 25. Bxf6 gxf6 26. Rd1 Kf8 27. b3 Ke7 28. h4 b6 29. Ke3 Nb7 30. Rxd8 Kxd8 31. Bd1 Nd6 32. Bc2 Ke7 33. Kf3 Kf8 34. Bd3 Kg7 35. Kg4 Nb7 36. Kf3 Nd6 37. Ke3 Kf8 38. Be2 Ke7 39. Kd3 Kf8 40. Bd1 Ke8 41. Bg4 Ke7 42. Ke3 Nb7 43. f4 Nd6 44. Bh3 Nb7 45. Bf1 Nd6 46. Kf3 Kf8 47. Bd3 Kg7 48. g4 Kg6 49. Ba6 Kg7 50. g5 hxg5 51. hxg5 Kg6 52. gxf6 Kxf6 53. Bf1 Nb7 54. b4 c5 1/2-1/2

[Event "ARG-ch 87th"]
[Site "Villa Martelli"]
[Date "2013.04.07"]
[Round "5"]
[White "Mansilla, Martin"]
[Black "Fiori, Alberto Nicolas"]
[Result "1/2-1/2"]
[WhiteElo "2071"]
[BlackElo "2128"]
[PlyCount "65"]
[EventDate "2013.04.03"]
[EventType "swiss"]
[EventRounds "11"]
[EventCountry "ARG"]
[SourceTitle "CBM 153 Extra"]
[Source "ChessBase"]
[SourceDate "2013.04.22"]
[SourceVersion "1"]
[SourceVersionDate "2013.04.22"]
[SourceQuality "1"]

1. Nf3 c5 2. c4 Nc6 3. d4 cxd4 4. Nxd4 g6 5. Nc3 Bg7 6. Nc2 Bxc3+ 7. bxc3 f5 8. g3 Qa5 9. Bd2 Nf6 10. Bg2 d6 11. 0-0 Ne5 12. Ne3 Rb8 13. Nd5 Nxd5 14. cxd5 Bd7 15. c4 Qa4 16. c5 Qxd1 17. Rfxd1 Kf7 18. Rdc1 Rhc8 19. f4 Ng4 20. c6 bxc6 21. dxc6 Be6 22. Rab1 Rxb1 23. Rxb1 Nf6 24. Ba5 Bxa2 25. Rb7 Bd5 26. c7 Ke6 27. Rb8 Kd7 28. e4 Bxe4 29. Bf1 Rxc7 30. Bxc7 Kxc7 31. Rb2 Kc6 32. Ra2 Kb6 33. Rb2+ 1/2-1/2

[Event "ARG-ch 87th"]
[Site "Villa Martelli"]
[Date "2013.04.06"]
[Round "4"]
[White "Fiori, Alberto Nicolas"]
[Black "Ferrara, Alexis"]
[Result "1/2-1/2"]
[WhiteElo "2128"]
[BlackElo "2195"]
[PlyCount "138"]
[EventDate "2013.04.03"]
[EventType "swiss"]
[EventRounds "11"]
[EventCountry "ARG"]
[SourceTitle "CBM 153 Extra"]
[Source "ChessBase"]
[SourceDate "2013.04.22"]
[SourceVersion "1"]
[SourceVersionDate "2013.04.22"]
[SourceQuality "1"]

1. e4 c5 2. Nf3 d6 3. d4 cxd4 4. Nxd4 Nf6 5. Nc3 g6 6. Be3 Bg7 7. f3 Nc6 8. Qd2 0-0 9. 0-0-0 Nxd4 10. Bxd4 Be6 11. g4 Qa5 12. Kb1 Rfc8 13. Nd5 Qxd2 14. Nxf6+ Bxf6 15. Rxd2 Bxd4 16. Rxd4 Rc5 17. Be2 Rac8 18. c3 Kg7 19. f4 f6 20. h4 a5 21. Rg1 h6 22. Bf3 b6 23. a3 g5 24. f5 Bb3 25. h5 b5 26. Kc1 Kf7 27. Kd2 Rb8 28. Rc1 Bc4 29. Bd1 a4 30. Be2 Ke8 31. Ke3 Kd7 32. Rcd1 Bf7 33. Rb4 Kc6 34. Bf3 Re5 35. Re1 Rd8 36. Kf2 Rd7 37. Be2 Rb7 38. Bf3 Bc4 39. Bd1 Ra7 40. Bf3 Kc5 41. Re3 e6 42. fxe6 Re7 43. Be2 Bxe2 44. Kxe2 R7xe6 45. Kd3 d5 46. Rd4 dxe4+ 47. Rdxe4 Rd5+ 48. Ke2 Red6 49. Kf3 f5 50. Re5 f4 51. Rxd5+ Rxd5 52. Re6 Rd7 53. Kf2 Rd6 54. Rg6 Kd5 55. Rg8 Kc4 56. Rg6 Kd5 57. Rg8 Kc4 58. Rg6 Rd2+ 59. Kf3 Rd3+ 60. Kf2 Rg3 61. Rxh6 Rxg4 62. Rg6 Kb3 63. Rb6 Kxb2 64. Rxb5+ Kxa3 65. c4 Rh4 66. Rxg5 Kb4 67. c5 Kb5 68. c6+ Kxc6 69. Ra5 Kd6 1/2-1/2

[Event "Buenos Aires Moreno Spring op"]
[Site "Buenos Aires"]
[Date "2012.11.12"]
[Round "4.2"]
[White "Bernal, Lucas"]
[Black "Fiori, Alberto Nicolas"]
[Result "1/2-1/2"]
[WhiteElo "1926"]
[BlackElo "2148"]
[PlyCount "65"]
[EventDate "2012.11.01"]
[EventType "swiss"]
[EventRounds "7"]
[EventCountry "ARG"]
[SourceTitle "EXT 2024"]
[Source "ChessBase"]
[SourceDate "2023.10.10"]
[SourceVersion "1"]
[SourceVersionDate "2023.10.10"]
[SourceQuality "1"]

1. d4 Nf6 2. Nf3 d5 3. c4 e6 4. g3 dxc4 5. Qa4+ Bd7 6. Qxc4 Bc6 7. Bg2 Be7 8. 0-0 0-0 9. Nbd2 Nbd7 10. Qc2 Bb5 11. Nc4 c5 12. b3 Rc8 13. dxc5 Bxc5 14. Qb2 Qe7 15. Nfe5 Rfd8 16. Bf4 Nd5 17. Nxd7 Rxd7 18. Bxd5 Rxd5 19. Rad1 Rcd8 20. Rxd5 Rxd5 21. Ne3 Rd7 22. Ng2 Bc6 23. Be3 Bxe3 24. Nxe3 Qd6 25. Qc2 Qe5 26. Rd1 Rxd1+ 27. Qxd1 h6 28. Qc2 g6 29. Qd2 h5 30. f3 Kg7 31. Kg2 Kh7 32. Nc4 Qf6 33. Qe3 1/2-1/2

[Event "Buenos Aires Moreno Spring op"]
[Site "Buenos Aires"]
[Date "2012.11.08"]
[Round "3.1"]
[White "Fiori, Alberto Nicolas"]
[Black "Quarracino, Santiago"]
[Result "1/2-1/2"]
[WhiteElo "2148"]
[BlackElo "2188"]
[PlyCount "53"]
[EventDate "2012.11.01"]
[EventType "swiss"]
[EventRounds "7"]
[EventCountry "ARG"]
[SourceTitle "EXT 2024"]
[Source "ChessBase"]
[SourceDate "2023.10.10"]
[SourceVersion "1"]
[SourceVersionDate "2023.10.10"]
[SourceQuality "1"]

1. d4 Nf6 2. Nf3 b5 3. Bf4 Bb7 4. e3 a6 5. Nbd2 e6 6. Bd3 c5 7. c3 Qb6 8. 0-0 Nc6 9. a4 c4 10. Bc2 Be7 11. e4 Na5 12. axb5 axb5 13. Re1 d6 14. Bg5 h6 15. Bh4 Nd7 16. Bxe7 Kxe7 17. b4 cxb3 18. Nxb3 Rhc8 19. d5 Nxb3 20. Bxb3 Rxc3 21. Rxa8 Bxa8 22. dxe6 fxe6 23. Qa1 Rxb3 24. Qxg7+ Ke8 25. Qg6+ Ke7 26. Qg7+ Ke8 27. Qg6+ 1/2-1/2

[Event "Buenos Aires Moreno Spring op"]
[Site "Buenos Aires"]
[Date "2012.11.01"]
[Round "1.2"]
[White "Fiori, Alberto Nicolas"]
[Black "Sanchez, Gabriel"]
[Result "1-0"]
[WhiteElo "2148"]
[BlackElo "1665"]
[PlyCount "97"]
[EventDate "2012.11.01"]
[EventType "swiss"]
[EventRounds "7"]
[EventCountry "ARG"]
[SourceTitle "EXT 2024"]
[Source "ChessBase"]
[SourceDate "2023.10.10"]
[SourceVersion "1"]
[SourceVersionDate "2023.10.10"]
[SourceQuality "1"]

1. Nf3 c5 2. e4 d6 3. d4 cxd4 4. Nxd4 Nf6 5. Nc3 a6 6. g3 g6 7. Bg2 Bg7 8. 0-0 0-0 9. h3 Nc6 10. Nde2 Bd7 11. Be3 Ne5 12. Nd5 Nxd5 13. exd5 Qc8 14. Kh2 Nc4 15. Rb1 Nxe3 16. fxe3 Bb5 17. Rf2 Qc5 18. Nd4 h5 19. b3 Be5 20. h4 Bd7 21. c4 Bg4 22. Qd2 Qc8 23. Rbf1 Bxd4 24. exd4 Kg7 25. Qe3 Qd7 26. Re1 Rae8 27. c5 e6 28. c6 bxc6 29. dxc6 Qc7 30. Rc1 Rc8 31. Qc3 d5 32. Bf1 Qb6 33. Qc5 Qxc5 34. Rxc5 Ra8 35. b4 Bd1 36. Rd2 Ba4 37. Ra5 Bxc6 38. Rxa6 Bb7 39. Rb6 Ra7 40. a4 Rc8 41. a5 Rc3 42. a6 Bc8 43. b5 Rb3 44. Rb8 Bxa6 45. Ra2 Rb7 46. Rxb7 Bxb7 47. Ra7 Bc8 48. Rc7 Rb1 49. Kg1 1-0

[Event "American Continental 08th"]
[Site "Mar del Plata"]
[Date "2012.10.18"]
[Round "8"]
[White "Fiori, Alberto Nicolas"]
[Black "Fulgenzi, Ernesto"]
[Result "0-1"]
[WhiteElo "2159"]
[BlackElo "2344"]
[PlyCount "92"]
[EventDate "2012.10.12"]
[EventType "swiss"]
[EventRounds "11"]
[EventCountry "ARG"]
[SourceTitle "EXT 2013"]
[Source "ChessBase"]
[SourceDate "2012.11.22"]
[SourceVersion "1"]
[SourceVersionDate "2012.11.22"]
[SourceQuality "1"]

1. e4 g6 2. d4 Bg7 3. Nc3 c6 4. Nf3 d5 5. h3 dxe4 6. Nxe4 Nd7 7. c3 Ngf6 8. Nxf6+ Nxf6 9. Bd3 0-0 10. 0-0 Qc7 11. Qe2 Nd5 12. Re1 Re8 13. Ne5 Be6 14. c4 Nb4 15. Bb1 Rad8 16. Bd2 Na6 17. Bc3 Qc8 18. Bd3 Nc7 19. Rad1 f6 20. Nf3 Bf7 21. Nh2 Ne6 22. Qe3 Qc7 23. g3 Qc8 24. f4 c5 25. d5 Nd4 26. f5 Nxf5 27. Bxf5 Qxf5 28. g4 Qc8 29. g5 b5 30. b3 bxc4 31. bxc4 Qa6 32. Qd3 h6 33. gxf6 exf6 34. Ng4 Rxe1+ 35. Rxe1 Rxd5 36. Qe2 Rf5 37. Rd1 h5 38. Nf2 Qxc4 39. Rd8+ Kh7 40. Qxc4 Bxc4 41. Rd7 Rg5+ 42. Kh2 Bd5 43. Ng4 hxg4 44. Bxf6 g3+ 45. Kg1 Rf5 46. Bxg7 Kg8 0-1

[Event "American Continental 08th"]
[Site "Mar del Plata"]
[Date "2012.10.15"]
[Round "5"]
[White "Fiori, Alberto Nicolas"]
[Black "Abdalla, Luiz Guilherme"]
[Result "1/2-1/2"]
[WhiteElo "2159"]
[BlackElo "2316"]
[PlyCount "42"]
[EventDate "2012.10.12"]
[EventType "swiss"]
[EventRounds "11"]
[EventCountry "ARG"]
[SourceTitle "EXT 2013"]
[Source "ChessBase"]
[SourceDate "2012.11.22"]
[SourceVersion "1"]
[SourceVersionDate "2012.11.22"]
[SourceQuality "1"]

1. e4 c5 2. Nf3 e6 3. d4 cxd4 4. Nxd4 Nf6 5. Nc3 d6 6. Be2 Be7 7. Be3 Nc6 8. 0-0 0-0 9. f4 Bd7 10. Nb3 a5 11. a4 Nb4 12. Kh1 Rc8 13. Bf3 e5 14. Qd2 Be6 15. Rad1 Nd7 16. f5 Bc4 17. Be2 b6 18. Rf3 Qc7 19. Rh3 Rfd8 20. Bxc4 Qxc4 21. Qf2 Nc5 1/2-1/2

[Event "Buenos Aires Duchamp op 1st"]
[Site "Buenos Aires"]
[Date "2011.09.21"]
[Round "8"]
[White "Fiori, Alberto Nicolas"]
[Black "Spata, German"]
[Result "0-1"]
[WhiteElo "2158"]
[BlackElo "2321"]
[PlyCount "90"]
[EventDate "2011.09.12"]
[EventType "swiss"]
[EventRounds "9"]
[EventCountry "ARG"]
[SourceTitle "EXT 2014"]
[Source "ChessBase"]
[SourceDate "2013.11.20"]
[SourceVersion "1"]
[SourceVersionDate "2013.11.20"]
[SourceQuality "1"]

1. e4 e5 2. Nf3 Nc6 3. Bb5 Nf6 4. Qe2 Be7 5. c3 0-0 6. 0-0 d6 7. h3 Bd7 8. d4 a6 9. Bc4 h6 10. Nbd2 Re8 11. dxe5 Nxe5 12. Nxe5 dxe5 13. Rd1 b5 14. Bb3 c5 15. Nf1 c4 16. Bc2 Qc7 17. Ng3 Be6 18. Nf5 Bxf5 19. exf5 e4 20. Be3 Qe5 21. Bd4 Qxf5 22. Bxf6 Bxf6 23. Re1 Rad8 24. Bxe4 Qc5 25. Rad1 Bh4 26. Rxd8 Rxd8 27. Bc2 g6 28. Rd1 Rxd1+ 29. Bxd1 Kg7 30. Bc2 Bf6 31. Be4 a5 32. Qd2 Qe5 33. Qe2 h5 34. Qc2 h4 35. Kf1 Qf4 36. Bf3 Qh2 37. Ke2 Qd6 38. Qe4 Qc7 39. Qd5 b4 40. Qc6 Qf4 41. cxb4 axb4 42. Bd5 c3 43. bxc3 bxc3 44. Bb3 Bd4 45. Qd5 Qd2+ 0-1

[Event "Buenos Aires Duchamp op 1st"]
[Site "Buenos Aires"]
[Date "2011.09.18"]
[Round "6"]
[White "Fiori, Alberto Nicolas"]
[Black "Paveto, Kevin"]
[Result "0-1"]
[WhiteElo "2158"]
[BlackElo "2235"]
[PlyCount "78"]
[EventDate "2011.09.12"]
[EventType "swiss"]
[EventRounds "9"]
[EventCountry "ARG"]
[SourceTitle "EXT 2014"]
[Source "ChessBase"]
[SourceDate "2013.11.20"]
[SourceVersion "1"]
[SourceVersionDate "2013.11.20"]
[SourceQuality "1"]

1. e4 e5 2. Nf3 Nc6 3. Bb5 a6 4. Ba4 Nf6 5. Qe2 b5 6. Bb3 Bc5 7. c3 d6 8. d3 h6 9. Nbd2 0-0 10. Nf1 Be6 11. Ng3 a5 12. 0-0 a4 13. Bc2 b4 14. a3 b3 15. Bb1 Ba7 16. Rd1 Nh7 17. d4 Bg4 18. h3 Bxf3 19. Qxf3 Ng5 20. Bxg5 Qxg5 21. Nf5 g6 22. h4 Qd8 23. Nxh6+ Kg7 24. Ng4 Qxh4 25. g3 Qg5 26. dxe5 dxe5 27. Bd3 Ne7 28. Kg2 Rad8 29. Qe2 c6 30. f4 exf4 31. gxf4 Qxf4 32. Rf1 Qg5 33. Rad1 Bb8 34. Rg1 Rh8 35. Kf1 Ba7 36. Nf2 Qf4 37. Ke1 Rh2 38. Rf1 Rdh8 39. Qg4 Bxf2+ 0-1

[Event "Buenos Aires Duchamp op 1st"]
[Site "Buenos Aires"]
[Date "2011.09.15"]
[Round "4"]
[White "Molina, Pablo Sebastian"]
[Black "Fiori, Alberto Nicolas"]
[Result "0-1"]
[WhiteElo "2032"]
[BlackElo "2158"]
[PlyCount "44"]
[EventDate "2011.09.12"]
[EventType "swiss"]
[EventRounds "9"]
[EventCountry "ARG"]
[SourceTitle "EXT 2014"]
[Source "ChessBase"]
[SourceDate "2013.11.20"]
[SourceVersion "1"]
[SourceVersionDate "2013.11.20"]
[SourceQuality "1"]

1. e4 g6 2. d4 Bg7 3. f4 d6 4. Nf3 Nd7 5. Bc4 e6 6. Be3 Ne7 7. Nc3 a6 8. a4 Nf6 9. Bb3 b6 10. Qd3 Bb7 11. h3 d5 12. e5 Ne4 13. Ng5 Ng3 14. Rg1 h6 15. Nf3 a5 16. Bf2 Ne4 17. Nd2 Nxf2 18. Kxf2 Ba6 19. Qf3 c5 20. Nb5 Bxb5 21. axb5 Nf5 22. c3 cxd4 0-1

[Event "Buenos Aires CA-ch"]
[Site "Buenos Aires"]
[Date "2010.12.04"]
[Round "7"]
[White "Quiroga, Facundo"]
[Black "Fiori, Alberto Nicolas"]
[Result "1/2-1/2"]
[WhiteElo "2357"]
[BlackElo "2158"]
[PlyCount "38"]
[EventDate "2010.11.30"]
[EventType "tourn"]
[EventRounds "7"]
[EventCountry "ARG"]
[EventCategory "6"]
[SourceTitle "EXT 2012"]
[Source "ChessBase"]
[SourceDate "2011.11.24"]
[SourceVersion "1"]
[SourceVersionDate "2011.11.24"]
[SourceQuality "1"]

1. Nf3 c5 2. c3 Nf6 3. g3 d5 4. Bg2 Nc6 5. 0-0 e6 6. d3 Be7 7. a3 0-0 8. b4 b5 9. a4 bxa4 10. b5 Nb8 11. Rxa4 Bb7 12. Nfd2 a6 13. bxa6 Bc6 14. Ra2 Rxa6 15. Rxa6 Nxa6 16. c4 Qa8 17. Nc3 Nc7 18. Bb2 Rb8 19. Qa1 d4 1/2-1/2

[Event "Buenos Aires CA-ch"]
[Site "Buenos Aires"]
[Date "2010.11.30"]
[Round "2"]
[White "Claverie, Raul Ricardo"]
[Black "Fiori, Alberto Nicolas"]
[Result "1-0"]
[WhiteElo "2423"]
[BlackElo "2158"]
[PlyCount "63"]
[EventDate "2010.11.30"]
[EventType "tourn"]
[EventRounds "7"]
[EventCountry "ARG"]
[EventCategory "6"]
[SourceTitle "EXT 2012"]
[Source "ChessBase"]
[SourceDate "2011.11.24"]
[SourceVersion "1"]
[SourceVersionDate "2011.11.24"]
[SourceQuality "1"]

1. e4 e5 2. Nf3 Nc6 3. Nc3 Nf6 4. g3 d5 5. exd5 Nxd5 6. Bg2 Nxc3 7. bxc3 Be7 8. Qe2 0-0 9. 0-0 Bf6 10. Rb1 b6 11. Ba3 Re8 12. Ng5 Bb7 13. Ne4 Be7 14. Bxe7 Qxe7 15. Qh5 Qe6 16. Nc5 bxc5 17. Rxb7 Qd6 18. Be4 g6 19. Qf3 Ne7 20. Qd3 Qxd3 21. Bxd3 c6 22. Rfb1 Kf8 23. Bc4 Nd5 24. a4 Re7 25. Rxe7 Kxe7 26. Rb7+ Kf6 27. a5 a6 28. Rd7 Ke6 29. Rc7 Rd8 30. Rxc6+ Rd6 31. Rxc5 e4 32. f4 1-0

[Event "Buenos Aires CA-ch"]
[Site "Buenos Aires"]
[Date "2010.11.30"]
[Round "3"]
[White "Fiori, Alberto Nicolas"]
[Black "Garcia, Raimundo"]
[Result "1/2-1/2"]
[WhiteElo "2158"]
[BlackElo "2331"]
[PlyCount "26"]
[EventDate "2010.11.30"]
[EventType "tourn"]
[EventRounds "7"]
[EventCountry "ARG"]
[EventCategory "6"]
[SourceTitle "EXT 2012"]
[Source "ChessBase"]
[SourceDate "2011.11.24"]
[SourceVersion "1"]
[SourceVersionDate "2011.11.24"]
[SourceQuality "1"]

1. e4 c5 2. Nf3 Nc6 3. Bb5 e6 4. c3 Nf6 5. Qe2 Qc7 6. 0-0 a6 7. Bxc6 Qxc6 8. d3 d6 9. Re1 Be7 10. Nbd2 0-0 11. Nf1 b6 12. Ng3 Bb7 13. h3 Rad8 1/2-1/2

[Event "ARG-ch 85th"]
[Site "Buenos Aires"]
[Date "2010.07.13"]
[Round "8"]
[White "Fabian, Gaston"]
[Black "Fiori, Alberto Nicolas"]
[Result "1-0"]
[WhiteElo "2260"]
[BlackElo "2166"]
[PlyCount "95"]
[EventDate "2010.07.05"]
[EventType "swiss"]
[EventRounds "11"]
[EventCountry "ARG"]
[SourceTitle "CBM 137 Extra"]
[Source "ChessBase"]
[SourceDate "2010.09.01"]
[SourceVersion "1"]
[SourceVersionDate "2010.09.01"]
[SourceQuality "1"]

1. d4 d5 2. c4 e6 3. Nf3 Nf6 4. g3 Be7 5. Bg2 0-0 6. 0-0 c6 7. Qc2 Nbd7 8. Nbd2 b6 9. e4 dxe4 10. Nxe4 Bb7 11. Rd1 Nxe4 12. Qxe4 Qc7 13. Bf4 Bd6 14. Bxd6 Qxd6 15. Ne5 Nf6 16. Qf3 Rac8 17. c5 Qe7 18. Nc4 bxc5 19. Qa3 Rc7 20. dxc5 Nd5 21. Nd6 Ra8 22. Qa5 Rd7 23. Rac1 Qd8 24. Qxd8+ Raxd8 25. Bxd5 exd5 26. b4 Kf8 27. a4 a6 28. Rb1 g6 29. f4 Bc8 30. Kf2 Ke7 31. Re1+ Kf6 32. Ne8+ Rxe8 33. Rxe8 Rc7 34. Ke3 Bf5 35. Rb2 Rb7 36. Kd4 h5 37. Re5 Ra7 38. Re8 Bd7 39. Rb8 Bf5 40. Re2 Bd7 41. Rb6 Ra8 42. b5 axb5 43. axb5 Ra4+ 44. Ke3 d4+ 45. Kf2 d3 46. Rd2 Kf5 47. bxc6 Be6 48. c7 1-0

[Event "COL-ch U26"]
[Site "Bogota"]
[Date "2008.09.18"]
[Round "2"]
[White "Fiori, Alberto Nicolas"]
[Black "Ossa, Orlando Jose"]
[Result "1-0"]
[WhiteElo "2164"]
[BlackElo "2264"]
[PlyCount "71"]
[EventDate "2008.09.18"]
[EventType "swiss"]
[EventRounds "7"]
[EventCountry "COL"]
[SourceTitle "EXT 2010"]
[Source "ChessBase"]
[SourceDate "2010.11.25"]
[SourceVersion "1"]
[SourceVersionDate "2010.11.25"]
[SourceQuality "1"]

1. d4 d5 2. Nf3 Nf6 3. Bf4 e6 4. e3 c5 5. c3 Nc6 6. Nbd2 Bd6 7. Bg3 0-0 8. Ne5 Qc7 9. f4 Ne4 10. Bd3 f6 11. Nxc6 Qxc6 12. 0-0 f5 13. Bh4 Bd7 14. Rc1 Qb6 15. Rb1 h6 16. Nf3 cxd4 17. cxd4 Rac8 18. Qe2 Rc7 19. Rfc1 Rfc8 20. Rxc7 Rxc7 21. Be1 Be8 22. Ne5 g5 23. g3 gxf4 24. gxf4 Rg7+ 25. Kh1 Nf6 26. Qc2 Bxe5 27. fxe5 Ng4 28. Qd2 Nxe5 29. dxe5 Bc6 30. Bg3 d4+ 31. e4 fxe4 32. Qxh6 exd3+ 33. Kg1 Be8 34. Rc1 Bg6 35. Rc8+ Kf7 36. Qg5 1-0

[Event "ARG-ch 79th"]
[Site "Buenos Aires"]
[Date "2004.09.26"]
[Round "4"]
[White "Fiori, Alberto Nicolas"]
[Black "Cranbourne, Carlos Leon"]
[Result "1/2-1/2"]
[WhiteElo "2124"]
[BlackElo "2286"]
[PlyCount "29"]
[EventDate "2004.09.24"]
[EventType "swiss"]
[EventRounds "9"]
[EventCountry "ARG"]
[SourceTitle "CBM 102 Extra"]
[Source "ChessBase"]
[SourceDate "2004.11.03"]
[SourceVersion "1"]
[SourceVersionDate "2004.11.03"]
[SourceQuality "1"]

1. d4 d5 2. Nf3 Nf6 3. Bf4 g6 4. Nc3 Bg7 5. Qd2 Bf5 6. Ne5 c6 7. f3 Nfd7 8. e4 Be6 9. exd5 cxd5 10. Bb5 a6 11. Bxd7+ Qxd7 12. Bh6 Bf6 13. Bg5 Bg7 14. Bh6 Bf6 15. Bg5 1/2-1/2

[Event "ARG-ch U20"]
[Site "Ezeiza"]
[Date "2001.??.??"]
[Round "4"]
[White "Fiori, Alberto Nicolas"]
[Black "Castillo, Santiago"]
[Result "0-1"]
[WhiteElo "2136"]
[BlackElo "2116"]
[PlyCount "84"]
[EventDate "2001.06.17"]
[EventType "swiss"]
[EventRounds "7"]
[EventCountry "ARG"]
[SourceTitle "EXT 2002"]
[Source "ChessBase"]
[SourceDate "2001.11.25"]
[SourceVersion "1"]
[SourceVersionDate "2001.11.25"]
[SourceQuality "1"]

1. e4 c5 2. Nf3 a6 3. d3 g6 4. g3 Bg7 5. Bg2 Nc6 6. 0-0 e6 7. Re1 Nge7 8. c3 0-0 9. Nbd2 d5 10. e5 b6 11. Nf1 Bb7 12. h4 h6 13. N1h2 Kh7 14. Qe2 Rc8 15. Bf4 Nb8 16. Rad1 Nd7 17. Ng4 b5 18. Kh2 Nf5 19. Rh1 Rh8 20. Kg1 Kg8 21. h5 b4 22. hxg6 fxg6 23. Nf6+ Nxf6 24. exf6 Qxf6 25. g4 Ne7 26. Be5 Qf7 27. Bd6 Nc6 28. Bxc5 bxc3 29. bxc3 e5 30. Rb1 Bf6 31. Qb2 Rc7 32. d4 e4 33. Ne1 Qe6 34. Nc2 Bg5 35. Ne3 Rf7 36. Qe2 Kg7 37. c4 Bxe3 38. cxd5 Bxf2+ 39. Qxf2 Qxd5 40. Qe2 Nxd4 41. Qxe4 Qxc5 42. Rxb7 Nf3+ 0-1

[Event "ARG-ch U20"]
[Site "Ezeiza"]
[Date "2001.??.??"]
[Round "1"]
[White "Fiori, Alberto Nicolas"]
[Black "Felgaer, Ruben Alejandro"]
[Result "0-1"]
[WhiteElo "2136"]
[BlackElo "2420"]
[PlyCount "54"]
[EventDate "2001.06.17"]
[EventType "swiss"]
[EventRounds "7"]
[EventCountry "ARG"]
[SourceTitle "EXT 2002"]
[Source "ChessBase"]
[SourceDate "2001.11.25"]
[SourceVersion "1"]
[SourceVersionDate "2001.11.25"]
[SourceQuality "1"]

1. e4 c5 2. Nf3 d6 3. d4 cxd4 4. Qxd4 Nc6 5. Bb5 Bd7 6. Bxc6 bxc6 7. c4 e5 8. Qd3 Nf6 9. Nc3 Be7 10. 0-0 0-0 11. b3 h6 12. Rd1 Be6 13. Qe2 Qc7 14. Bb2 Nh5 15. Rac1 Nf4 16. Qe3 Rad8 17. Ne2 Nxe2+ 18. Qxe2 c5 19. Ne1 f5 20. Nc2 Bg5 21. Ra1 fxe4 22. Ne3 Qf7 23. Bc1 Rd7 24. Bd2 Qg6 25. Be1 Bxe3 26. Qxe3 Bg4 27. Rd5 Bf3 0-1